| 000 | 00000nas 2200000za 4500 |
| 001 | 9.515868 |
| 003 | CaOODSP |
| 005 | 20250122095927 |
| 007 | cr ||||||||||| |
| 008 | 150406c20139999oncar p o||||f| b0fre|d |
| 040 | |aCaOODSP|bfre |
| 043 | |an-cn--- |
| 086 | 1 |aFs146-1F-PDF |
| 245 | 00|aZone de protection marine de Basin Head |h[ressource électronique] : |brapport d'étape sur la mise en œuvre du plan de gestion de … |
| 246 | 13|aRapport d'étape sur la mise en œuvre du Plan de gestion opérationnel de … |
| 260 | |a[Ottawa] : |bPêches et Océans Canada |
| 310 | |aAnnuel |
| 362 | 1 |aParaît depuis 2012/2013? |
| 500 | |aPubl. aussi en anglais sous le titre : Basin Head Marine Protected Area, ... management plan implementation progress report. |
| 710 | 1 |aCanada. |bMinistère des pêches et des océans. |bRégion du golfe. |
| 775 | 08|tBasin Head Marine Protected Area |w(CaOODSP)9.512503 |